00346nam a2200133Ia 4500008004100000020001800041040002600059082001500085100001900100245002700119260004500146003000400191005001700195241206s9999||||xx |||||||||||||| ||und|| a9838620009c0 bengcSSK Libraryerda a657.95/YBO a Yeo Keng Un - 0aCompany Accounts & You b Pelanduk Paperbacks (M) Sdn Bhdc©1992OSt20241206223320.0